The sacred Art of Revelation volume II
Guardat en:
| Autor principal: | |
|---|---|
| Format: | Llibre |
| Idioma: | anglès |
| Publicat: |
Islamic Arts Museum Malaysia,
2014.
|
| Etiquetes: |
Afegir etiqueta
Sense etiquetes, Sigues el primer a etiquetar aquest registre!
|
MARC
| LEADER | 00000nam a22000007a 4500 | ||
|---|---|---|---|
| 008 | 210125b ||||| |||| 00| 0 eng d | ||
| 020 | |a 978-983-2591-09-2 | ||
| 100 | |a BARAKAT, Heba Nayel. | ||
| 245 | |a The sacred Art of Revelation volume II |c Heba Nayel Barakat and Nurul Iman Rusli.- | ||
| 260 | |b Islamic Arts Museum Malaysia, |c 2014. |h Nigeria |i 690078 |l BP161 .B23 | ||
| 942 | |a lcc |c BK |e j o ifatola |f 25/1/2021 | ||
| 952 | |0 0 |1 0 |2 lcc |4 0 |6 BP0161 B23 |7 0 |9 1781 |a HOL |b HOL |c AF |d 2021-01-25 |l 0 |o BP161 .B23 |r 2021-01-25 00:00:00 |w 2021-01-25 |y BK | ||
| 999 | |c 941 |d 941 | ||